000 00345nam a2200133Ia 4500
008 220204s9999 xx 000 0 und d
082 _a657.47
_bHOR;1
100 _aHorngren, Charles T
245 0 _aCost accounting: A managerial emphasis
250 _a3
260 _aNew Delhi
_bPrentice Hall
_c1976
650 _aCost accounting
942 _cBK
999 _c23862
_d23862